000 00527nam a2200169Ia 4500
999 _c12150
_d12150
003 OSt
005 20201016114557.0
008 190216s9999||||xx |||||||||||||| ||und||
040 _coclc
082 _a823.8
_bTRO/B
100 _aTrollope, Anthony
_94969
245 0 _aBarchester Towers /
_cAnthony Trollope
260 _bLyall Book Depot,
_c1987.
_aLondon:
300 _a567p
650 _aEnglish Stories-English Stories-English Stories-English Stories
942 _cBK
_2ddc
_h823.8
_iTRO/B
_k823.8
_mTRO/B